[Event "DSOL 08 Liga Gr-B 1st"]
[Site "Playchess.com INT"]
[Date "2020.07.10"]
[Round "3.2"]
[White "Rother, Jan"]
[Black "Stenzel, Alexander"]
[Result "0-1"]
[WhiteElo "1400"]
[BlackElo "934"]
[PlyCount "104"]
[EventDate "2020.06.22"]
[EventType "team-tourn (rapid)"]
[EventCountry "GER"]
[SourceTitle "EXT 2021"]
[Source "ChessBase"]
[SourceDate "2020.10.23"]
[SourceVersion "1"]
[SourceVersionDate "2020.10.23"]
[SourceQuality "1"]
[WhiteTeam "Gross Gerau II"]
[BlackTeam "Niederkassel III"]
[WhiteTeamCountry "GER"]
[BlackTeamCountry "GER"]

1. e4 e5 2. Nf3 Nc6 3. Bb5 Nf6 4. d3 Nd4 5. Bf4 Nxb5 6. Bxe5 Bc5 7. Nc3 Nxc3 8. Bxc3 0-0 9. e5 Nd5 10. d4 Bb6 11. Qd2 Re8 12. 0-0-0 d6 13. Rde1 Bg4 14. exd6 Qxd6 15. Ne5 Bd7 16. h4 Nxc3 17. Nxd7 Qxd7 18. Qxc3 Bxd4 19. Qd3 Rad8 20. Rxe8+ Qxe8 21. Rd1 Bxb2+ 22. Kxb2 Rxd3 23. Rxd3 g6 24. g3 Qe2 25. f4 b6 26. Ra3 a5 27. Rc3 c5 28. a4 Qe8 29. Ka3 f5 30. Rb3 Qc6 31. c4 Kf7 32. Re3 Kf6 33. Kb3 h6 34. Rd3 g5 35. hxg5+ hxg5 36. Re3 Qg2 37. Rd3 Qc6 38. Re3 gxf4 39. gxf4 Qh1 40. Re8 Qf3+ 41. Kc2 Qxf4 42. Rf8+ Kg5 43. Rg8+ Kh4 44. Rh8+ Kg3 45. Rg8+ Kf3 46. Rf8 Qxc4+ 47. Kd2 f4 48. Kd1 Qxa4+ 49. Ke1 Qa2 50. Kd1 c4 51. Rb8 c3 52. Rc8 Qd2# 0-1